00910nam a22002657a 45000010005000000030006000050050017000110080041000280200018000690400029000870500012001160820012001281000031001402450099001712500035002702600041003053000045003465050007003915200118003985210027005165210018005436500019005616500029005807000035006095836FISKH20250124090159.0250124b cb ||||| |||| 00| 0 eng d a9780395442371 aFISKHbengcFISKHdFISKH aPZ8.L88 a823.914 aLord, Vernon Johnd(1939-) aThe giant jam sandwich /cStory and pictures by John Vernon Lord with verses by Janet Burroway aThis edition published in 1972 aNew York :bHoughton Mifflin,c1972. a32 pages :bcolor illustrations ;c20 cm aG  aWhen four million wasps fly into their village, the citizens of Itching Down devise a way of getting rid of them.8 a380 bLexile estimate 8 aG bRaz-Plus  2InsectsaWasps 2Problem solvingaRhyming aLord, Vernon Johndillustrator